000 00342nam a2200145Ia 4500
008 191201s2009 xx 000 0 und d
082 _a621.815
_bSHM
100 _aSharma, P C
245 0 _aMachine Design
250 _aRep.
260 _aN.Delhi
_bS K Kataria and Sons
_c2009
300 _a1090
650 _aB.Tech(ME)
942 _2ddc
_cBK
_02
999 _c3917
_d3917